[Event "Athens of East GM-Open 2019"]
[Site "Madurai"]
[Date "2019.08.14"]
[Round "6.6"]
[White "Vasquez Schroeder, Rodrigo"]
[Black "Nitin, S.."]
[Result "1-0"]
[WhiteElo "2496"]
[BlackElo "2385"]
[Annotator "ChessBase"]
[PlyCount "177"]
[EventDate "2019.08.11"]
[EventType "swiss"]
[EventCountry "IND"]
[SourceTitle "playchess.com"]
[Source "ChessBase"]
[SourceQuality "1"]
[TimeControl "5400+30"]

1. d4 {[%emt 0:08:32]} Nf6 {[%emt 0:00:07]} 2. c4 {[%emt 0:00:20]} g6 {[%emt 0:00:09]} 3. g3 {[%emt 0:00:15]} Bg7 {[%emt 0:00:09]} 4. Bg2 {[%emt 0:00:02]} O-O {[%emt 0:00:13]} 5. Nc3 {[%emt 0:00:09]} d6 {[%emt 0:00:08]} 6. Nf3 {[%emt 0:00:05]} c6 {[%emt 0:00:07]} 7. O-O {[%emt 0:00:32]} Bf5 {[%emt 0:00:08]} 8. Ne1 {[%emt 0:02:22]} Be6 {[%emt 0:00:14]} 9. d5 {[%emt 0:03:16]} cxd5 {[%emt 0:00:33]} 10. cxd5 {[%emt 0:00:04]} Bd7 {[%emt 0:00:09]} 11. a4 {[%emt 0:11:58]} a5 {[%emt 0:00:46]} 12. Qb3 {[%emt 0:04:41]} Na6 {[%emt 0:03:29]} 13. Be3 {[%emt 0:01:26]} Nb4 {[%emt 0:20:08]} 14. h3 {[%emt 0:00:34]} Bf5 {[%emt 0:04:56]} 15. g4 {[%emt 0:05:24]} Bc8 {[%emt 0:04:30]} 16. Nf3 {[%emt 0:06:03]} h5 {[%emt 0:03:48]} 17. g5 {[%emt 0:01:05]} Nd7 {[%emt 0:00:13]} 18. Nd4 {[%emt 0:02:24]} Nc5 {[%emt 0:00:33]} 19. Qd1 {[%emt 0:00:07]} Bd7 {[%emt 0:06:10]} 20. f4 {[%emt 0:01:17]} Qc8 {[%emt 0:04:20]} 21. Kh2 {[%emt 0:00:32]} Qe8 {[%emt 0:04:29]} 22. Ndb5 {[%emt 0:08:14]} Qb8 {[%emt 0:05:05]} 23. Bd4 {[%emt 0:02:34]} Bxd4 {[%emt 0:01:01]} 24. Nxd4 {[%emt 0:00:10]} e5 {[%emt 0:00:34]} 25. dxe6 {[%emt 0:01:12]} fxe6 {[%emt 0:00:10]} 26. e3 {[%emt 0:15:45]} d5 {[%emt 0:06:25]} 27. Kg1 {[%emt 0:00:31]} Kh7 {[%emt 0:04:17]} 28. Nf3 {[%emt 0:02:43]} Ncd3 {[%emt 0:00:57]} 29. Qe2 {[%emt 0:00:44]} Qa7 {[%emt 0:07:30]} 30. Kh1 {[%emt 0:00:27]} Rac8 {[%emt 0:01:43]} 31. Rfd1 {[%emt 0:06:09]} Nxb2 {[%emt 0:00:41]} 32. Qxb2 {[%emt 0:01:26]} Qxe3 {[%emt 0:00:09]} 33. Ra3 {[%emt 0:01:05]} Qxf4 {[%emt 0:01:16]} 34. Ne2 {[%emt 0:00:33]} Qd6 {[%emt 0:01:59]} 35. Qe5 {[%emt 0:00:58]} Qe7 {[%emt 0:01:37]} 36. Ned4 {[%emt 0:00:49]} Nc2 {[%emt 0:02:55]} 37. Ra2 {[%emt 0:01:06]} Nb4 {[%emt 0:00:47]} 38. Raa1 {[%emt 0:00:24]} Rc4 {[%emt 0:01:15]} 39. Bf1 {[%emt 0:03:14]} Rc5 {[%emt 0:03:22]} 40. Bd3 {[%emt 0:01:38]} Rc3 {[%emt 0:01:09]} 41. Be2 {[%emt 0:04:12]} Qc5 {[%emt 0:00:57]} 42. Rf1 {[%emt 0:01:14]} Nc6 {[%emt 0:02:49]} 43. Qc7 {[%emt 0:03:06]} Rf7 {[%emt 0:01:00]} 44. Nxc6 {[%emt 0:00:42]} Qxc6 {[%emt 0:00:06]} 45. Qxc6 {[%emt 0:00:45]} Bxc6 {[%emt 0:00:25]} 46. Kg1 {[%emt 0:01:26]} Re3 {[%emt 0:00:16]} 47. Nd4 {[%emt 0:00:17]} Rxf1+ {[%emt 0:01:06]} 48. Bxf1 {[%emt 0:00:12]} e5 {[%emt 0:02:22]} 49. Nxc6 {[%emt 0:00:17]} bxc6 {[%emt 0:00:06]} 50. Rc1 {[%emt 0:00:19]} Ra3 {[%emt 0:01:38]} 51. Rxc6 {[%emt 0:00:02]} Rxa4 {[%emt 0:00:04]} 52. Rc7+ {[%emt 0:00:17]} Kh8 {[%emt 0:00:08]} 53. Rc5 {[%emt 0:00:27]} Rf4 {[%emt 0:00:47]} 54. Rxd5 {[%emt 0:00:35]} h4 {[%emt 0:00:35]} 55. Rxa5 {[%emt 0:00:48]} Rf5 {[%emt 0:00:07]} 56. Be2 {[%emt 0:00:17]} Rxg5+ {[%emt 0:00:07]} 57. Bg4 {[%emt 0:00:05]} Kg7 {[%emt 0:00:07]} 58. Kf2 {[%emt 0:00:39]} Kh6 {[%emt 0:00:07]} 59. Ke3 {[%emt 0:00:33]} e4 {[%emt 0:00:07]} 60. Ra8 {[%emt 0:00:27]} Re5 {[%emt 0:01:17]} 61. Kf4 {[%emt 0:00:08]} Re7 {[%emt 0:00:05]} 62. Rh8+ {[%emt 0:00:24]} Kg7 {[%emt 0:00:46]} 63. Rxh4 {[%emt 0:00:37]} Re8 {[%emt 0:00:41]} 64. Be2 {[%emt 0:02:18]} Rh8 {[%emt 0:00:11]} 65. Rg4 {[%emt 0:00:08]} Rxh3 {[%emt 0:00:04]} 66. Kxe4 {[%emt 0:00:08]} Kf6 {[%emt 0:00:17]} 67. Rf4+ {[%emt 0:00:24]} Kg5 {[%emt 0:00:15]} 68. Rf8 {[%emt 0:00:07]} Rh7 {[%emt 0:00:25]} 69. Ke3 {[%emt 0:00:14]} Re7+ {[%emt 0:00:22]} 70. Kf2 {[%emt 0:00:03]} Re6 {[%emt 0:09:32]} 71. Rb8 {[%emt 0:00:11]} Rf6+ {[%emt 0:00:00]} 72. Kg3 {[%emt 0:00:13]} Rf5 {[%emt 0:00:00]} 73. Bd3 {[%emt 0:00:56]} Rd5 {[%emt 0:00:00]} 74. Be4 {[%emt 0:00:03]} Rd6 {[%emt 0:00:00]} 75. Rb5+ {[%emt 0:00:09]} Kf6 {[%emt 0:00:00]} 76. Kf4 {[%emt 0:00:06]} Ra6 {[%emt 0:00:00]} 77. Rc5 {[%emt 0:01:21]} Rb6 {[%emt 0:00:00]} 78. Bd3 {[%emt 0:00:44]} Rb4+ {[%emt 0:00:00]} 79. Bc4 {[%emt 0:00:17]} Rb6 {[%emt 0:00:00]} 80. Rc7 {[%emt 0:00:12]} g5+ {[%emt 0:00:00]} 81. Kg4 {[%emt 0:00:18]} Rb4 {[%emt 0:00:00]} 82. Rc6+ {[%emt 0:01:13]} Ke7 {[%emt 0:00:00]} 83. Kf5 {[%emt 0:00:27]} g4 {[%emt 0:00:00]} 84. Bd5 {[%emt 0:00:24]} g3 {[%emt 0:00:00]} 85. Rg6 {[%emt 0:00:46]} g2 {[%emt 0:00:00]} 86. Ke5 {[%emt 0:00:18]} Rh4 {[%emt 0:00:00]} 87. Rg7+ {[%emt 0:00:14]} Kf8 {[%emt 0:00:00]} 88. Rxg2 {[%emt 0:00:05]} Rh7 {[%emt 0:00:00]} 89. Kd6 {[%emt 0:00:33]} 1-0

[Event "Athens of East GM-Open 2019"]
[Site "Madurai"]
[Date "2019.08.14"]
[Round "6.7"]
[White "Shyaamnikhil P"]
[Black "Aaryan Varshney"]
[Result "1-0"]
[WhiteElo "2456"]
[BlackElo "2272"]
[Annotator "ChessBase"]
[PlyCount "251"]
[EventDate "2019.08.11"]
[EventType "swiss"]
[EventCountry "IND"]
[SourceTitle "playchess.com"]
[Source "ChessBase"]
[SourceQuality "1"]
[TimeControl "5400+30"]

1. e4 {[%emt 0:00:23]} c5 {[%emt 0:00:00]} 2. Nf3 {[%emt 0:01:06]} d6 {[%emt 0:00:00]} 3. Nc3 {[%emt 0:01:15]} Nf6 {[%emt 0:00:05]} 4. d4 {[%emt 0:00:08]} cxd4 {[%emt 0:00:07]} 5. Nxd4 {[%emt 0:00:03]} a6 {[%emt 0:00:26]} 6. g3 {[%emt 0:04:55]} e5 {[%emt 1:32:22]} 7. Nf3 {[%emt 0:00:52]} Be7 {[%emt 0:00:00]} 8. Bg2 {[%emt 0:00:38]} O-O {[%emt 0:00:00]} 9. a4 {[%emt 0:02:03]} Be6 {[%emt 0:00:00]} 10. O-O {[%emt 0:00:53]} h6 {[%emt 0:00:00]} 11. Re1 {[%emt 0:04:08]} Nbd7 {[%emt 0:00:00]} 12. Nd2 {[%emt 0:12:57]} Rc8 {[%emt 0:00:00]} 13. Nf1 {[%emt 0:00:56]} Qc7 {[%emt 0:00:00]} 14. Ne3 {[%emt 0:01:19]} Nc5 {[%emt 0:00:00]} 15. Bd2 {[%emt 0:05:57]} Rfe8 {[%emt 0:00:00]} 16. f4 {[%emt 0:06:18]} a5 {[%emt 0:00:00]} 17. f5 {[%emt 0:04:37]} Bd7 {[%emt 0:00:00]} 18. Ned5 {[%emt 0:01:30]} Nxd5 {[%emt 0:00:00]} 19. Nxd5 {[%emt 0:00:11]} Qd8 {[%emt 0:00:00]} 20. b3 {[%emt 0:05:34]} Bc6 {[%emt 0:00:00]} 21. Nxe7+ {[%emt 0:02:20]} Qxe7 {[%emt 0:00:00]} 22. Qg4 {[%emt 0:15:48]} Kh8 {[%emt 0:00:00]} 23. Bxa5 {[%emt 0:00:56]} f6 {[%emt 0:00:00]} 24. Bb6 {[%emt 0:10:47]} Ra8 {[%emt 0:00:00]} 25. a5 {[%emt 0:02:09]} Rec8 {[%emt 0:00:00]} 26. Qe2 {[%emt 0:02:50]} Qe8 {[%emt 0:00:00]} 27. Qd2 {[%emt 0:01:03]} Qe7 {[%emt 0:00:00]} 28. Bf3 {[%emt 0:06:18]} Nd7 {[%emt 0:00:00]} 29. Bf2 {[%emt 0:00:08]} Rd8 {[%emt 0:00:00]} 30. b4 {[%emt 0:01:09]} Nf8 {[%emt 0:01:51]} 31. c4 {[%emt 0:01:07]} Be8 {[%emt 0:00:19]} 32. Red1 {[%emt 0:00:41]} Bf7 {[%emt 0:00:28]} 33. Be2 {[%emt 0:00:21]} Qe8 {[%emt 0:01:02]} 34. Bb6 {[%emt 0:01:05]} Rdc8 {[%emt 0:00:49]} 35. Rac1 {[%emt 0:01:23]} Qc6 {[%emt 0:00:49]} 36. Qd3 {[%emt 0:00:10]} Be8 {[%emt 0:06:13]} 37. b5 {[%emt 0:00:20]} Qd7 {[%emt 0:00:06]} 38. Qxd6 {[%emt 0:00:08]} Qxd6 {[%emt 0:00:14]} 39. Rxd6 {[%emt 0:00:08]} Bxb5 {[%emt 0:00:33]} 40. Bd3 {[%emt 0:01:40]} Nd7 {[%emt 0:01:23]} 41. Be3 {[%emt 0:00:18]} Bc6 {[%emt 0:00:27]} 42. Ra1 {[%emt 0:00:12]} Nb8 {[%emt 0:01:23]} 43. Kf2 {[%emt 0:00:11]} Na6 {[%emt 0:00:21]} 44. Rb1 {[%emt 0:00:16]} Rd8 {[%emt 0:00:37]} 45. Rxd8+ {[%emt 0:00:26]} Rxd8 {[%emt 0:00:01]} 46. Ke2 {[%emt 0:00:09]} Kg8 {[%emt 0:00:21]} 47. Bb6 {[%emt 0:00:21]} Rd7 {[%emt 0:00:21]} 48. g4 {[%emt 0:00:21]} Kf7 {[%emt 0:00:24]} 49. h4 {[%emt 0:00:08]} Kf8 {[%emt 0:01:09]} 50. Be3 {[%emt 0:00:07]} Kf7 {[%emt 0:00:07]} 51. c5 {[%emt 0:00:47]} Nc7 {[%emt 0:00:52]} 52. Bc4+ {[%emt 0:00:42]} Kf8 {[%emt 0:00:33]} 53. Kf3 {[%emt 0:00:16]} Rd8 {[%emt 0:00:46]} 54. g5 {[%emt 0:01:32]} hxg5 {[%emt 0:00:46]} 55. hxg5 {[%emt 0:00:05]} Ra8 {[%emt 0:00:43]} 56. gxf6 {[%emt 0:00:21]} gxf6 {[%emt 0:00:01]} 57. Bd2 {[%emt 0:00:15]} Rd8 {[%emt 0:01:38]} 58. Bc3 {[%emt 0:00:13]} Ke7 {[%emt 0:00:18]} 59. Rh1 {[%emt 0:02:10]} Nb5 {[%emt 0:00:14]} 60. Rh7+ {[%emt 0:01:03]} Ke8 {[%emt 0:00:10]} 61. Be1 {[%emt 0:02:50]} Nd4+ {[%emt 0:01:15]} 62. Kf2 {[%emt 0:00:10]} Bxe4 {[%emt 0:00:24]} 63. Rh6 {[%emt 0:00:35]} Ke7 {[%emt 0:00:36]} 64. Rh7+ {[%emt 0:00:07]} Ke8 {[%emt 0:00:08]} 65. Bf7+ {[%emt 0:00:59]} Kf8 {[%emt 0:00:27]} 66. Bg6 {[%emt 0:00:05]} Nxf5 {[%emt 0:01:35]} 67. a6 {[%emt 0:01:02]} bxa6 {[%emt 0:00:11]} 68. c6 {[%emt 0:00:07]} Bxc6 {[%emt 0:00:31]} 69. Bxf5 {[%emt 0:00:06]} Kg8 {[%emt 0:00:19]} 70. Rc7 {[%emt 0:00:17]} Bb5 {[%emt 0:00:35]} 71. Ke3 {[%emt 0:00:39]} Rd4 {[%emt 0:00:21]} 72. Bc3 {[%emt 0:01:27]} Rf4 {[%emt 0:00:30]} 73. Be4 {[%emt 0:00:17]} Kh8 {[%emt 0:00:57]} 74. Re7 {[%emt 0:00:28]} Kg8 {[%emt 0:00:28]} 75. Ra7 {[%emt 0:01:09]} Kh8 {[%emt 0:00:15]} 76. Bb2 {[%emt 0:00:14]} Rh4 {[%emt 0:00:52]} 77. Bc1 {[%emt 0:00:51]} Rh3+ {[%emt 0:00:24]} 78. Kf2 {[%emt 0:00:11]} Rh4 {[%emt 0:00:28]} 79. Bf5 {[%emt 0:00:24]} Rh5 {[%emt 0:00:31]} 80. Bg6 {[%emt 0:00:27]} Rh2+ {[%emt 0:00:20]} 81. Kg3 {[%emt 0:00:31]} Rh1 {[%emt 0:00:37]} 82. Be3 {[%emt 0:00:08]} Kg8 {[%emt 0:00:39]} 83. Rc7 {[%emt 0:00:15]} Kh8 {[%emt 0:00:26]} 84. Kg2 {[%emt 0:01:54]} Rh4 {[%emt 0:00:28]} 85. Kf2 {[%emt 0:00:23]} Rh2+ {[%emt 0:00:15]} 86. Kg3 {[%emt 0:00:08]} Rh1 {[%emt 0:00:07]} 87. Bf5 {[%emt 0:00:18]} Kg8 {[%emt 0:01:04]} 88. Bh3 {[%emt 0:00:12]} Rd1 {[%emt 0:00:29]} 89. Bh6 {[%emt 0:00:29]} Rg1+ {[%emt 0:00:40]} 90. Kh2 {[%emt 0:00:48]} Rg6 {[%emt 0:00:28]} 91. Be6+ {[%emt 0:00:25]} Kh8 {[%emt 0:00:04]} 92. Be3 {[%emt 0:00:12]} Bd3 {[%emt 0:00:38]} 93. Kh3 {[%emt 0:01:15]} Rg7 {[%emt 0:00:56]} 94. Rc3 {[%emt 0:00:12]} Be4 {[%emt 0:00:20]} 95. Ra3 {[%emt 0:00:58]} f5 {[%emt 0:00:37]} 96. Kh4 {[%emt 0:00:42]} f4 {[%emt 0:00:32]} 97. Bc5 {[%emt 0:00:23]} f3 {[%emt 0:00:28]} 98. Bd6 {[%emt 0:00:37]} Kh7 {[%emt 0:00:14]} 99. Bc4 {[%emt 0:00:21]} Bf5 {[%emt 0:00:26]} 100. Rxf3 {[%emt 0:00:30]} Rg4+ {[%emt 0:00:15]} 101. Kh5 {[%emt 0:00:05]} Rxc4 {[%emt 0:01:06]} 102. Rxf5 {[%emt 0:00:05]} a5 {[%emt 0:00:24]} 103. Rf7+ {[%emt 0:01:09]} Kg8 {[%emt 0:00:06]} 104. Rd7 {[%emt 0:00:05]} a4 {[%emt 0:00:50]} 105. Kg5 {[%emt 0:00:19]} Rd4 {[%emt 0:00:24]} 106. Kg6 {[%emt 0:00:18]} Rg4+ {[%emt 0:00:12]} 107. Kf6 {[%emt 0:00:09]} Rf4+ {[%emt 0:00:35]} 108. Ke6 {[%emt 0:00:10]} Rf1 {[%emt 0:00:11]} 109. Bc5 {[%emt 0:01:36]} Rf3 {[%emt 0:00:48]} 110. Ra7 {[%emt 0:00:10]} a3 {[%emt 0:00:22]} 111. Bxa3 {[%emt 0:00:06]} Rf1 {[%emt 0:00:46]} 112. Bc5 {[%emt 0:00:13]} Rf3 {[%emt 0:00:06]} 113. Bd6 {[%emt 0:01:30]} Rf1 {[%emt 0:00:35]} 114. Rd7 {[%emt 0:00:10]} Rf3 {[%emt 0:00:21]} 115. Bc7 {[%emt 0:00:11]} Rf8 {[%emt 0:00:57]} 116. Bd8 {[%emt 0:00:36]} e4 {[%emt 0:00:44]} 117. Bf6 {[%emt 0:00:14]} e3 {[%emt 0:00:34]} 118. Rg7+ {[%emt 0:00:31]} Kh8 {[%emt 0:00:01]} 119. Re7+ {[%emt 0:00:12]} Kg8 {[%emt 0:00:09]} 120. Rg7+ {[%emt 0:00:13]} Kh8 {[%emt 0:00:02]} 121. Kf5 {[%emt 0:00:51]} e2 {[%emt 0:01:12]} 122. Rg1+ {[%emt 0:00:06]} Kh7 {[%emt 0:00:07]} 123. Rh1+ {[%emt 0:00:04]} Kg8 {[%emt 0:00:03]} 124. Kg6 {[%emt 0:00:04]} Rxf6+ {[%emt 0:00:17]} 125. Kxf6 {[%emt 0:00:05]} e1=Q {[%emt 0:00:03]} 126. Rxe1 {[%emt 0:00:03]} 1-0

[Event "Athens of East GM-Open 2019"]
[Site "Madurai"]
[Date "2019.08.14"]
[Round "6.8"]
[White "Raja Rithvik R"]
[Black "Khusenkhojaev, Muhammad"]
[Result "0-1"]
[WhiteElo "2357"]
[BlackElo "2441"]
[Annotator "NA"]
[PlyCount "109"]
[EventDate "2019.08.11"]
[EventType "swiss"]
[EventCountry "IND"]
[SourceTitle "playchess.com"]
[Source "ChessBase"]
[SourceQuality "1"]
[TimeControl "5400+30"]

1. d4 {[%emt 0:00:00]} Nf6 {[%emt 0:00:00]} 2. c4 {[%emt 0:00:03]} g6 {[%emt 0:00:00]} 3. Nc3 {[%emt 0:00:07]} d5 {[%emt 0:00:00]} 4. Nf3 {[%emt 0:00:04]} Bg7 {[%emt 0:00:00]} 5. h4 {[%emt 0:00:04]} (5. h3 dxc4 6. e4 c5 7. d5 O-O 8. Bxc4 b5 9. Nxb5 Nxe4 10. O-O Ba6 11. Qe2 Nd6 12. Nxd6 Qxd6 {0-1 (94) Meier,G (2628)-Vachier Lagrave,M (2773) Karlsruhe/Baden Baden 2019}) 5... O-O {[%emt 0:00:49]} 6. cxd5 {[%emt 0:00:08] D90: Grünfeld: 4 Nf3 Bg7 sidelines} Nxd5 {[%emt 0:00:05]} 7. h5 {[%emt 0:00:05]} c5 {[%emt 0:00:25]} 8. hxg6 {[%emt 0:00:07]} hxg6 {[%emt 0:00:05]} 9. Bh6 {[%emt 0:00:14]} Bxh6 {[%emt 0:00:12]} 10. Rxh6 {[%emt 0:00:04]} Nxc3 {[%emt 0:00:18]} 11. bxc3 {[%emt 0:00:06]} cxd4 $146 {[%emt 0:00:10]} ({Predecessor:} 11... Kg7 12. Qd2 {1-0 (38) Halvax,G (2424)-Kavcic,Z (2329) Austria 2018}) 12. Qd2 {[%emt 0:01:01]} Kg7 {[%emt 0:01:02]} 13. Rh4 {[%emt 0:00:13]} Rh8 {[%emt 0:00:08]} 14. Rxh8 {[%emt 0:00:05]} Qxh8 {[%emt 0:00:06]} 15. cxd4 {[%emt 0:00:02]} Nd7 {[%emt 0:01:00]} 16. Rc1 {[%emt 0:13:03]} Nf6 {[%emt 0:00:32]} 17. Qb4 {[%emt 0:19:47]} Qd8 {[%emt 0:01:33]} 18. e3 {[%emt 1:03:47]} Be6 {[%emt 0:16:09]} 19. Bc4 {[%emt 0:00:00]} Rc8 {[%emt 0:06:36]} 20. Ne5 {[%emt 0:00:00]} Nd5 {[%emt 0:09:21]} 21. Qd2 $17 {[%emt 0:00:00]} b5 {[%emt 0:23:43]} 22. Bb3 {[%emt 0:00:00]} Rxc1+ {[%emt 0:00:33]} 23. Qxc1 {[%emt 0:00:00]} Qh8 {[%emt 0:00:24]} 24. Kd2 {[%emt 0:00:00]} Qh2 {[%emt 0:02:42]} 25. Qf1 {[%emt 0:00:00]} a6 {[%emt 0:01:49]} 26. g3 {[%emt 0:00:00]} a5 {[%emt 0:04:25]} 27. e4 {[%emt 0:00:00]} Qh6+ {[%emt 0:04:01]} 28. f4 {[%emt 0:00:00]} Qh2+ {[%emt 0:00:18]} 29. Qe2 {[%emt 0:00:00]} Qxe2+ {[%emt 0:00:07]} 30. Kxe2 {[%emt 0:00:00]} Nc3+ {[%emt 0:00:08]} 31. Kd3 {[%emt 0:00:00]} Nxa2 {[%emt 0:00:07]} 32. d5 {[%emt 0:00:15]} Nc1+ {[%emt 0:02:33]} 33. Kc2 {[%emt 0:00:04]} Nxb3 {[%emt 0:00:08]} 34. Kxb3 {[%emt 0:00:02]} Bh3 {[%emt 0:00:08]} 35. Nc6 {[%emt 0:00:04]} Bg2 {[%emt 0:00:25]} 36. Nxe7 {[%emt 0:03:11]} Bxe4 {[%emt 0:00:17]} 37. Kc3 {[%emt 0:00:50]} Kf6 {[%emt 0:02:33]} 38. Ng8+ {[%emt 0:00:04]} Kg7 {[%emt 0:00:11]} 39. d6 {[%emt 0:01:02]} b4+ {[%emt 0:01:11]} 40. Kd4 {[%emt 0:02:03]} Bf5 {[%emt 0:00:41]} 41. Ne7 {[%emt 0:00:02]} Kf8 {[%emt 0:06:35]} 42. Nc6 {[%emt 0:01:53]} b3 {[%emt 0:00:22]} 43. Kc3 {[%emt 0:00:01]} a4 {[%emt 0:00:12]} 44. Ne5 {[%emt 0:00:48]} f6 {[%emt 0:00:23]} 45. Nc4 {[%emt 0:01:05]} Be6 {[%emt 0:00:44]} 46. Na3 {[%emt 0:00:29]} Ke8 {[%emt 0:00:27]} 47. Kb4 {[%emt 0:00:08]} Kd7 {[%emt 0:00:36]} 48. Kxa4 {[%emt 0:00:47]} b2 {[%emt 0:00:08]} 49. Kb4 {[%emt 0:00:28]} Bf5 {[%emt 0:00:21]} 50. Kc5 {[%emt 0:00:08]} b1=Q {[%emt 0:00:16]} 51. Nxb1 {[%emt 0:00:02]} Bxb1 {[%emt 0:00:07]} 52. g4 {[%emt 0:00:03]} Ba2 {[%emt 0:00:17]} 53. g5 {[%emt 0:00:07]} fxg5 {[%emt 0:00:13]} 54. fxg5 {[%emt 0:00:04]} Bf7 {[%emt 0:00:16]} 55. Kd4 {[%emt 0:04:50]} 0-1

[Event "Athens of East GM-Open 2019"]
[Site "Madurai"]
[Date "2019.08.14"]
[Round "6.9"]
[White "Laxman, R.R."]
[Black "Nikhil Magizhnan"]
[Result "1/2-1/2"]
[WhiteElo "2429"]
[BlackElo "2164"]
[Annotator "NA"]
[PlyCount "135"]
[EventDate "2019.08.11"]
[EventType "swiss"]
[EventCountry "IND"]
[SourceTitle "playchess.com"]
[Source "ChessBase"]
[SourceQuality "1"]
[TimeControl "5400+30"]

1. Nf3 {[%emt 0:00:00]} d5 {[%emt 0:01:44]} 2. d4 {[%emt 0:00:00]} Nf6 {[%emt 0:00:06]} 3. c4 {[%emt 0:00:00]} e6 {[%emt 0:00:08]} 4. e3 {[%emt 0:00:23]} Be7 {[%emt 0:00:28]} 5. Nc3 {[%emt 0:00:10]} O-O {[%emt 0:00:26]} 6. Bd3 {[%emt 0:00:14]} c5 {[%emt 0:00:54]} 7. O-O {[%emt 0:00:25]} Nc6 {[%emt 0:00:30]} 8. a3 {[%emt 0:00:08]} b6 {[%emt 0:00:34]} 9. cxd5 {[%emt 0:12:24]} exd5 {[%emt 0:01:12]} 10. Bb5 {[%emt 0:00:53] D40: Queen's Gambit Declined: Semi-Tarrasch with 5 e3} (10. h3 Bb7 11. b3 Re8 12. Ne2 Ne4 13. Bb2 Bf6 14. Qc2 cxd4 15. Nexd4 Rc8 16. Qe2 Nxd4 17. Bxd4 Bxd4 18. Nxd4 {½-½ (62) Arutinian,D (2556)-Toth,E (2477) Pardubice 2012}) 10... Bb7 {[%emt 0:01:30]} 11. b3 {[%emt 0:00:07]} cxd4 $146 {[%emt 0:02:05]} ({Predecessor:} 11... Na5 12. dxc5 bxc5 13. Bb2 Qb6 14. Ba4 Rfd8 {0-1 (26) Hilton,S (1923)-Krylov,S (2352) Rhodes 2011}) 12. Bxc6 {[%emt 0:01:02]} Bxc6 {[%emt 0:00:12]} 13. Nxd4 {[%emt 0:00:05]} Bb7 {[%emt 0:00:37]} 14. Bb2 {[%emt 0:00:06]} Qd7 {[%emt 0:15:23]} 15. Qd3 {[%emt 0:00:35]} Ne4 {[%emt 0:03:15]} 16. Rfd1 {[%emt 0:04:54]} Bf6 {[%emt 0:03:12]} 17. Nxe4 {[%emt 0:07:37]} dxe4 {[%emt 0:01:17]} 18. Qe2 {[%emt 0:00:27]} Rfd8 {[%emt 0:04:55]} 19. Nb5 {[%emt 0:02:02]} Qe7 {[%emt 0:01:03]} 20. Bxf6 {[%emt 0:00:05]} Qxf6 {[%emt 0:00:36]} 21. Rxd8+ {[%emt 0:00:21]} Rxd8 {[%emt 0:00:54]} 22. Nd4 {[%emt 0:00:08]} Rc8 {[%emt 0:03:20]} 23. Qg4 {[%emt 0:02:25]} Qe7 {[%emt 0:04:41]} 24. h3 {[%emt 0:03:54]} Rd8 {[%emt 0:06:01]} 25. b4 {[%emt 0:02:18]} Qc7 {[%emt 0:05:20]} 26. Rd1 {[%emt 0:02:18]} Qc3 {[%emt 0:11:03]} 27. Kh2 {[%emt 0:01:39]} Qc7+ {[%emt 0:02:37]} 28. Qg3 {[%emt 0:00:59]} Qxg3+ $14 {[%emt 0:00:32]} 29. Kxg3 {[%emt 0:00:02]} g6 {[%emt 0:01:28]} 30. Rc1 {[%emt 0:00:19]} Rd7 {[%emt 0:00:20]} 31. Kf4 {[%emt 0:01:32]} Kg7 {[%emt 0:00:32]} 32. h4 {[%emt 0:00:18]} h5 {[%emt 0:02:06]} 33. a4 {[%emt 0:00:23]} a6 {[%emt 0:00:57]} 34. a5 {[%emt 0:00:58]} bxa5 {[%emt 0:00:32]} 35. bxa5 {[%emt 0:00:02]} Re7 {[%emt 0:00:55]} 36. Rb1 {[%emt 0:00:35]} Bd5 {[%emt 0:03:45]} 37. Rb6 {[%emt 0:04:14]} Bc4 {[%emt 0:00:28]} 38. Nc6 {[%emt 0:00:02]} Re8 {[%emt 0:00:57]} 39. Ne5 {[%emt 0:00:20]} Bf1 {[%emt 0:00:32]} 40. Rb7 {[%emt 0:01:32]} Kg8 {[%emt 0:02:32]} 41. g4 {[%emt 0:00:16]} hxg4 {[%emt 0:00:27]} 42. Nxg4 {[%emt 0:00:04]} Kg7 {[%emt 0:01:42]} 43. Ne5 {[%emt 0:00:28]} Kg8 {[%emt 0:00:04]} 44. Rb6 {[%emt 0:03:14]} Kg7 {[%emt 0:00:46]} 45. Rb7 {[%emt 0:05:28]} Kg8 {[%emt 0:00:19]} 46. Nd7 {[%emt 0:00:24]} Kg7 {[%emt 0:05:20]} 47. Nc5 {[%emt 0:00:43]} Rh8 {[%emt 0:00:20]} 48. Kg3 {[%emt 0:00:08]} Re8 {[%emt 0:01:23]} 49. Rc7 {[%emt 0:02:52]} Re5 {[%emt 0:01:18]} 50. Kf4 {[%emt 0:01:17]} Rf5+ {[%emt 0:00:13]} 51. Kxe4 {[%emt 0:00:02]} Rxf2 {[%emt 0:00:15]} 52. Ne6+ {[%emt 0:00:04]} Kh6 {[%emt 0:00:52]} 53. Nf4 {[%emt 0:00:06]} Kg7 {[%emt 0:00:09]} 54. Ke5 {[%emt 0:00:14]} Ra2 {[%emt 0:01:27]} 55. Ne6+ {[%emt 0:00:33]} Kg8 {[%emt 0:00:20]} 56. Rc8+ {[%emt 0:00:37]} Kh7 {[%emt 0:00:24]} 57. Nd4 {[%emt 0:01:19]} Kg7 {[%emt 0:00:32]} 58. Rc5 {[%emt 0:00:19]} Bb5 {[%emt 0:01:03]} 59. h5 {[%emt 0:03:34]} Rxa5 {[%emt 0:01:19]} 60. hxg6 {[%emt 0:00:02]} Kxg6 {[%emt 0:00:41]} 61. Nc6 {[%emt 0:00:23]} Ra4 {[%emt 0:02:21]} 62. Ne7+ {[%emt 0:00:57]} Kg5 {[%emt 0:00:31]} 63. Rc8 {[%emt 0:00:28]} Kg4 {[%emt 0:00:29]} 64. Nd5 {[%emt 0:03:33]} Kf3 {[%emt 0:01:42]} 65. Rf8 {[%emt 0:00:51]} Re4+ {[%emt 0:00:56]} 66. Kd6 {[%emt 0:00:01]} Re6+ {[%emt 0:00:12]} 67. Kc5 {[%emt 0:00:09]} Rc6+ {[%emt 0:00:04]} 68. Kd4 {[%emt 0:00:15] Ke4+ Kxe4} 1/2-1/2